[Event "SC-2019-0-00371"]
[Site "LSS email"]
[Date "2019.05.01"]
[Round "?"]
[White "Sandocal, Uzmir"]
[Black "Demidov, Lazar"]
[Result "1/2-1/2"]
[WhiteElo "1879"]
[BlackElo "1767"]
[PlyCount "49"]
[EventDate "2019.02.08"]
[EventType "tourn (corr)"]
[EventRounds "6"]
[EventCountry "GER"]
[SourceTitle "Corr 2022"]
[Source "ChessBase"]
[SourceDate "2021.10.24"]
[SourceVersion "1"]
[SourceVersionDate "2021.10.24"]
[SourceQuality "1"]

1. e4 e5 2. Nf3 Nf6 3. Nxe5 d6 4. Nf3 Nxe4 5. d4 d5 6. Bd3 Be7 7. 0-0 Nc6 8. Nc3 Nxc3 9. bxc3 0-0 10. Re1 Bg4 11. Bf4 Rb8 12. h3 Bh5 13. Qe2 Bd6 14. Qe3 Bxf4 15. Qxf4 Bxf3 16. Qxf3 Qd6 17. h4 Rbe8 18. Rad1 g6 19. h5 Nd8 20. g3 c6 21. Kg2 f5 22. Re3 Rxe3 23. Qxe3 f4 24. Qf3 fxg3 25. Qxg3 1/2-1/2

[Event "SC-2018-0-00352"]
[Site "LSS email"]
[Date "2018.05.30"]
[Round "?"]
[White "Demidov, Lazar"]
[Black "Sundqvist, Christer"]
[Result "1/2-1/2"]
[WhiteElo "1752"]
[BlackElo "1840"]
[PlyCount "91"]
[EventDate "2018.03.28"]
[EventType "tourn (corr)"]
[EventRounds "6"]
[EventCountry "GER"]
[SourceTitle "Corr 2022"]
[Source "ChessBase"]
[SourceDate "2021.10.24"]
[SourceVersion "1"]
[SourceVersionDate "2021.10.24"]
[SourceQuality "1"]

1. Nf3 c5 2. e4 d6 3. c3 Nf6 4. Qc2 Qc7 5. Be2 g6 6. 0-0 Bg7 7. d3 0-0 8. Bg5 h6 9. Bd2 b6 10. Na3 a6 11. b4 Nc6 12. bxc5 bxc5 13. Nc4 d5 14. Ne3 e6 15. Rfe1 Rb8 16. exd5 exd5 17. Nf1 h5 18. Qc1 Rb6 19. Bf4 Qd8 20. Bg5 Re8 21. h3 Bb7 22. d4 cxd4 23. cxd4 Rb4 24. Rb1 Rxb1 25. Qxb1 Qd7 26. Be3 Ne4 27. Rc1 Re7 28. Bd3 Re6 29. Qb2 Qe7 30. Rb1 Bc8 31. N1d2 Rd6 32. Qa3 Bf8 33. Rb3 Qe8 34. Qb2 Bg7 35. Rb6 a5 36. Qa3 Rd8 37. Nb3 Bd7 38. Nc5 Nxc5 39. Qxc5 Nb4 40. Bf1 Bf8 41. Qxa5 Ra8 42. Ba6 Nxa6 43. Rxa6 Rxa6 44. Qxa6 Bb5 45. Qa7 f6 46. Nd2 1/2-1/2

[Event "SC-2018-0-00352"]
[Site "LSS email"]
[Date "2018.05.29"]
[Round "?"]
[White "Demidov, Lazar"]
[Black "Novikov, Konstantin Ivan"]
[Result "1/2-1/2"]
[WhiteElo "1752"]
[BlackElo "1871"]
[PlyCount "55"]
[EventDate "2018.03.28"]
[EventType "tourn (corr)"]
[EventRounds "6"]
[EventCountry "GER"]
[SourceTitle "Corr 2022"]
[Source "ChessBase"]
[SourceDate "2021.10.24"]
[SourceVersion "1"]
[SourceVersionDate "2021.10.24"]
[SourceQuality "1"]

1. c4 c5 2. Nc3 d6 3. e3 e6 4. d4 d5 5. cxd5 exd5 6. dxc5 Nf6 7. Na4 Ne4 8. Nf3 Nc6 9. Bd2 Be7 10. Be2 Be6 11. Qc2 Bf5 12. Bd3 0-0 13. 0-0 Bf6 14. Be1 Rc8 15. Rd1 Qe8 16. a3 Ne7 17. Nd4 Bd7 18. Nc3 Rxc5 19. Bxe4 dxe4 20. Qxe4 Qc8 21. f3 Nf5 22. Bf2 Re5 23. Qd3 Nxd4 24. exd4 Rh5 25. Rfe1 Bc6 26. Qe3 h6 27. b4 Re8 28. Qd2 1/2-1/2

[Event "LSS No Engine Cup 139 Preliminary 0"]
[Site "LSS email"]
[Date "2015.09.23"]
[Round "?"]
[White "Demidov, Lazar"]
[Black "Reinecke, Juergen"]
[Result "1-0"]
[WhiteElo "2113"]
[BlackElo "1460"]
[PlyCount "47"]
[EventDate "2015.09.24"]
[EventType "tourn (corr)"]
[EventRounds "6"]
[EventCountry "GER"]
[SourceTitle "Corr 2022"]
[Source "ChessBase"]
[SourceDate "2021.10.24"]
[SourceVersion "1"]
[SourceVersionDate "2021.10.24"]
[SourceQuality "1"]

1. e4 c5 2. Nf3 e6 3. Nc3 a6 4. d4 cxd4 5. Nxd4 b6 6. g3 Bb7 7. Bg2 Qc7 8. 0-0 d6 9. f4 Nd7 10. g4 Nc5 11. Qe2 Nf6 12. g5 Nfd7 13. b4 Nb3 14. cxb3 Qxc3 15. Bb2 Qxb4 16. a3 Qa5 17. Rac1 b5 18. e5 Bxg2 19. Qxg2 d5 20. f5 Bc5 21. g6 hxg6 22. fxe6 Bxd4+ 23. Bxd4 fxe6 24. Qxg6+ 1-0

[Event "LSS No Engine Cup 139 Preliminary 0"]
[Site "LSS email"]
[Date "2015.09.23"]
[Round "?"]
[White "Henke, Simon"]
[Black "Demidov, Lazar"]
[Result "0-1"]
[WhiteElo "1872"]
[BlackElo "2113"]
[PlyCount "84"]
[EventDate "2015.09.24"]
[EventType "tourn (corr)"]
[EventRounds "6"]
[EventCountry "GER"]
[SourceTitle "Corr 2022"]
[Source "ChessBase"]
[SourceDate "2021.10.24"]
[SourceVersion "1"]
[SourceVersionDate "2021.10.24"]
[SourceQuality "1"]

1. c4 e6 2. g3 d5 3. Bg2 Nc6 4. cxd5 exd5 5. Nf3 Nf6 6. 0-0 Be7 7. d4 0-0 8. Nc3 Ne4 9. Bf4 g5 10. Bc1 Be6 11. Ne1 Qd7 12. f3 Nxc3 13. bxc3 Na5 14. f4 g4 15. e4 dxe4 16. Bxe4 f5 17. Bg2 c5 18. Nd3 cxd4 19. Ne5 Qd8 20. cxd4 Bd5 21. Rf2 Rc8 22. Rb1 a6 23. Re2 Bxg2 24. Kxg2 Qd5+ 25. Kg1 Rc7 26. Bb2 Bd6 27. Rc1 Nc4 28. Nxc4 Rxc4 29. Rxc4 Qxc4 30. a4 b5 31. axb5 axb5 32. h3 h5 33. hxg4 hxg4 34. Qc2 Qxc2 35. Rxc2 Re8 36. Kf2 Kf7 37. d5 Ke7 38. Rc6 Kd7 39. Bd4 b4 40. Kf1 Re4 41. Bg7 Re3 42. Kf2 Rd3 0-1

[Event "LSS No Engine Cup 139 Preliminary 0"]
[Site "LSS email"]
[Date "2015.09.23"]
[Round "?"]
[White "Obrien, Glenn"]
[Black "Demidov, Lazar"]
[Result "0-1"]
[WhiteElo "1735"]
[BlackElo "2113"]
[PlyCount "96"]
[EventDate "2015.09.24"]
[EventType "tourn (corr)"]
[EventRounds "6"]
[EventCountry "GER"]
[SourceTitle "Corr 2022"]
[Source "ChessBase"]
[SourceDate "2021.10.24"]
[SourceVersion "1"]
[SourceVersionDate "2021.10.24"]
[SourceQuality "1"]

1. e4 c5 2. Nf3 d6 3. d4 cxd4 4. Nxd4 e5 5. Bb5+ Bd7 6. Bxd7+ Nxd7 7. Nf5 Nc5 8. Nc3 g6 9. Ne3 Nf6 10. f3 Be7 11. 0-0 0-0 12. Ned5 Ne6 13. Bh6 Re8 14. Qd2 Nxd5 15. Nxd5 Nc7 16. c4 Nxd5 17. cxd5 Rc8 18. Be3 a6 19. Rfc1 Qd7 20. Rc3 Rxc3 21. bxc3 b5 22. Bh6 Bf8 23. Bg5 Rc8 24. Re1 Be7 25. Bh6 f6 26. f4 exf4 27. Bxf4 Rc4 28. Bg3 Qc8 29. Re3 f5 30. exf5 Bg5 31. fxg6 hxg6 32. Re8+ Qxe8 33. Qxg5 Rxc3 34. Kf1 Rc2 35. Kg1 b4 36. h3 Rxa2 37. Bxd6 b3 38. Be5 b2 39. Bxb2 Rxb2 40. Qf4 Qe1+ 41. Kh2 Rb1 42. Qd6 Qg1+ 43. Kg3 Rb3+ 44. Kh4 Qf2+ 45. g3 Rb4+ 46. Qxb4 Qf6+ 47. Kg4 Qf5+ 48. Kh4 Qh5# 0-1

[Event "LSS No Engine Cup 124 Final"]
[Site "LSS email"]
[Date "2015.09.21"]
[Round "?"]
[White "Demidov, Lazar"]
[Black "Van Bommel, Ton"]
[Result "1/2-1/2"]
[WhiteElo "2113"]
[BlackElo "2283"]
[PlyCount "66"]
[EventDate "2015.09.22"]
[EventType "tourn (corr)"]
[EventRounds "6"]
[EventCountry "GER"]
[SourceTitle "Corr 2022"]
[Source "ChessBase"]
[SourceDate "2021.10.24"]
[SourceVersion "1"]
[SourceVersionDate "2021.10.24"]
[SourceQuality "1"]

1. d4 Nf6 2. c4 c5 3. d5 b5 4. cxb5 a6 5. bxa6 e6 6. dxe6 fxe6 7. Nf3 Bxa6 8. g3 Nc6 9. Nc3 Be7 10. Bg2 0-0 11. Bf4 Nb4 12. 0-0 Nbd5 13. Bg5 Nxc3 14. bxc3 h6 15. Bd2 d5 16. Ne5 Bd6 17. Ng6 Re8 18. Bf4 Bxf4 19. Nxf4 Bc4 20. a4 e5 21. Ng6 Ra6 22. Nh4 Qc8 23. Nf3 Ne4 24. Qc2 Qb7 25. Rfb1 Qf7 26. a5 Qf6 27. Ra3 Kh8 28. Rf1 Qd8 29. Nh4 Nd6 30. Rd1 e4 31. Ng6+ Kg8 32. Nf4 Qa8 33. Ra4 Qc6 1/2-1/2

[Event "SC-2015-0-00272"]
[Site "LSS email"]
[Date "2015.09.11"]
[Round "?"]
[White "Soreghy, Janos"]
[Black "Demidov, Lazar"]
[Result "1/2-1/2"]
[WhiteElo "1674"]
[BlackElo "1829"]
[PlyCount "43"]
[EventDate "2015.08.16"]
[EventType "tourn (corr)"]
[EventRounds "6"]
[EventCountry "GER"]
[SourceTitle "Corr 2022"]
[Source "ChessBase"]
[SourceDate "2021.10.24"]
[SourceVersion "1"]
[SourceVersionDate "2021.10.24"]
[SourceQuality "1"]

1. c4 Nf6 2. g3 e5 3. Nc3 d5 4. cxd5 Nxd5 5. Bg2 Nf6 6. Nf3 Nc6 7. 0-0 Be7 8. Qa4 0-0 9. Rd1 Bd7 10. Qb3 Bc8 11. d3 a6 12. Ne4 Nxe4 13. dxe4 Qe8 14. Be3 Be6 15. Qc3 f6 16. a3 Qh5 17. Nh4 Qxe2 18. Bf1 Qh5 19. Nf5 Rfe8 20. Bc4 Bxc4 21. Qxc4+ Qf7 22. Qxf7+ 1/2-1/2

[Event "SC-2015-0-00270"]
[Site "LSS email"]
[Date "2015.08.30"]
[Round "?"]
[White "Schulz, Hans Juergen"]
[Black "Demidov, Lazar"]
[Result "1-0"]
[WhiteElo "1686"]
[BlackElo "1818"]
[PlyCount "95"]
[EventDate "2015.07.17"]
[EventType "tourn (corr)"]
[EventRounds "6"]
[EventCountry "GER"]
[SourceTitle "Corr 2022"]
[Source "ChessBase"]
[SourceDate "2021.10.24"]
[SourceVersion "1"]
[SourceVersionDate "2021.10.24"]
[SourceQuality "1"]

1. e4 c5 2. Nf3 d6 3. d4 cxd4 4. Nxd4 Nf6 5. Nc3 g6 6. Be3 Nc6 7. Be2 Bg7 8. 0-0 0-0 9. Nb3 a6 10. f4 Nd7 11. Bf3 Nb6 12. Qe2 Bxc3 13. bxc3 Na4 14. Nd4 Bd7 15. c4 Nxd4 16. Bxd4 Rc8 17. Qe3 Rxc4 18. Be2 Rxc2 19. f5 e5 20. fxe6 fxe6 21. Rxf8+ Qxf8 22. Rf1 Qe8 23. Bd1 Rc8 24. Rf6 Rc4 25. e5 Qe7 26. Bb3 dxe5 27. Qxe5 Rc1+ 28. Rf1 Rxf1+ 29. Kxf1 Kf7 30. Kg1 b6 31. Bc2 Qf8 32. h4 Nc5 33. h5 Ke7 34. Qg5+ Kd6 35. Bxg6 h6 36. Qg3+ Kc6 37. Bg7 Qd8 38. Qf3+ Kb5 39. Bxh6 Be8 40. Bxe8+ Qxe8 41. Be3 e5 42. h6 Qg6 43. g4 Ne6 44. Qh3 Qh7 45. Qf1+ Kc6 46. Qxa6 Qg6 47. Qxb6+ Kd7 48. g5 1-0

[Event "SC-2015-0-00270"]
[Site "LSS email"]
[Date "2015.08.29"]
[Round "?"]
[White "Demidov, Lazar"]
[Black "Vysotskiy, Evgeniy"]
[Result "1/2-1/2"]
[WhiteElo "1818"]
[BlackElo "1832"]
[PlyCount "70"]
[EventDate "2015.07.17"]
[EventType "tourn (corr)"]
[EventRounds "6"]
[EventCountry "GER"]
[SourceTitle "Corr 2022"]
[Source "ChessBase"]
[SourceDate "2021.10.24"]
[SourceVersion "1"]
[SourceVersionDate "2021.10.24"]
[SourceQuality "1"]

1. c4 c5 2. Nc3 Nc6 3. Nf3 Nf6 4. d4 cxd4 5. Nxd4 e6 6. Bf4 Bb4 7. Ndb5 e5 8. Bg5 0-0 9. a3 Bxc3+ 10. Nxc3 h6 11. Bxf6 Qxf6 12. e3 Ne7 13. Qd3 d6 14. Ne4 Qg6 15. Nxd6 e4 16. Qd4 Nf5 17. Nxf5 Bxf5 18. 0-0-0 Be6 19. f4 Rac8 20. Kb1 Qh5 21. Ka1 b6 22. h4 Rfe8 23. Rd2 Qa5 24. Qc3 Qxc3 25. bxc3 b5 26. Rd4 Kf8 27. Be2 f5 28. Kb2 Bxc4 29. Bxc4 bxc4 30. Rd5 g6 31. a4 Red8 32. Rhd1 Rb8+ 33. Kc2 Ke7 34. g3 Rxd5 35. Rxd5 Rc8 1/2-1/2

[Event "SC-2015-0-00270"]
[Site "LSS email"]
[Date "2015.08.29"]
[Round "?"]
[White "Krug, Evgeny"]
[Black "Demidov, Lazar"]
[Result "1/2-1/2"]
[WhiteElo "1753"]
[BlackElo "1818"]
[PlyCount "86"]
[EventDate "2015.07.17"]
[EventType "tourn (corr)"]
[EventRounds "6"]
[EventCountry "GER"]
[SourceTitle "Corr 2022"]
[Source "ChessBase"]
[SourceDate "2021.10.24"]
[SourceVersion "1"]
[SourceVersionDate "2021.10.24"]
[SourceQuality "1"]

1. Nf3 Nf6 2. c4 Nc6 3. d4 e6 4. e3 Be7 5. Be2 0-0 6. Nc3 d5 7. a3 Ne4 8. Bd2 Nxd2 9. Nxd2 Rb8 10. 0-0 dxc4 11. Bxc4 a6 12. Be2 f5 13. Rc1 Bf6 14. Qc2 Ne7 15. Nf3 b5 16. Na2 Nd5 17. Ne5 Bb7 18. Bf3 a5 19. Nc3 Ne7 20. Bxb7 Rxb7 21. Ne2 Qd6 22. Nf4 Bxe5 23. dxe5 Qxe5 24. Rfd1 Re8 25. Rd7 b4 26. a4 Rbb8 27. Qb3 Rbd8 28. Rxd8 Rxd8 29. Nxe6 Qd5 30. Qxd5 Rxd5 31. Kf1 Kf7 32. Nd4 c6 33. Ke2 f4 34. Nf3 fxe3 35. fxe3 Ke8 36. e4 Rh5 37. g4 Rh3 38. Rc5 Ng6 39. Rxa5 Nh4 40. Ra8+ Ke7 41. Nxh4 Rxh4 42. a5 Kd6 43. a6 Kc7 1/2-1/2

[Event "SC-2015-0-00264"]
[Site "LSS email"]
[Date "2015.06.20"]
[Round "?"]
[White "Demidov, Lazar"]
[Black "Castignani, Fausto"]
[Result "0-1"]
[WhiteElo "1859"]
[BlackElo "1840"]
[PlyCount "122"]
[EventDate "2015.05.07"]
[EventType "tourn (corr)"]
[EventRounds "6"]
[EventCountry "GER"]
[SourceTitle "Corr 2022"]
[Source "ChessBase"]
[SourceDate "2021.10.24"]
[SourceVersion "1"]
[SourceVersionDate "2021.10.24"]
[SourceQuality "1"]

1. e4 e5 2. Nf3 Nc6 3. Bb5 Nf6 4. 0-0 Nxe4 5. d4 a6 6. Bxc6 dxc6 7. Re1 Nf6 8. Nbd2 Be7 9. dxe5 Nh5 10. Re4 Bf5 11. Rd4 Qc8 12. Nh4 c5 13. Nxf5 Qxf5 14. Rd3 0-0 15. Qf3 Qxf3 16. Nxf3 f5 17. Be3 f4 18. Bd2 Rad8 19. Rxd8 Rxd8 20. g4 fxg3 21. hxg3 g6 22. g4 Ng7 23. Kf1 c4 24. Ke2 Ne6 25. Be3 Bf8 26. b3 cxb3 27. axb3 Bg7 28. Rc1 Kf7 29. Rh1 h6 30. Bxh6 Rh8 31. g5 Bf8 32. c3 Be7 33. Rd1 a5 34. Ra1 b6 35. Ra4 Ra8 36. b4 c5 37. b5 c4 38. Nd2 Nc5 39. Ra2 Nd3 40. Ra1 Rc8 41. Ra4 Nc5 42. Ra1 Ne6 43. Ke3 Bc5+ 44. Ke2 Bd4 45. Ra4 Bxc3 46. Rxc4 Rc7 47. Rxc7+ Nxc7 48. Nc4 Bd4 49. f4 Nxb5 50. Kd3 a4 51. f5 gxf5 52. Nd6+ Nxd6 53. exd6 Bc5 54. d7 Be7 55. Kc4 Bd8 56. g6+ Kxg6 57. Bf4 Kf7 58. Kb4 Ke6 59. Kxa4 Kxd7 60. Kb5 Ke6 61. Kc6 Kf6 0-1

[Event "SC-2015-0-00263"]
[Site "LSS email"]
[Date "2015.06.18"]
[Round "?"]
[White "Demidov, Lazar"]
[Black "Novikov, Konstantin Ivan"]
[Result "1/2-1/2"]
[WhiteElo "1864"]
[BlackElo "1848"]
[PlyCount "86"]
[EventDate "2015.05.02"]
[EventType "tourn (corr)"]
[EventRounds "6"]
[EventCountry "GER"]
[SourceTitle "Corr 2022"]
[Source "ChessBase"]
[SourceDate "2021.10.24"]
[SourceVersion "1"]
[SourceVersionDate "2021.10.24"]
[SourceQuality "1"]

1. e4 c5 2. Nf3 Nc6 3. d4 cxd4 4. Nxd4 e5 5. Nxc6 bxc6 6. Nc3 Bb4 7. Qd3 Nf6 8. Be2 0-0 9. 0-0 d5 10. exd5 cxd5 11. Qg3 Re8 12. Rd1 Bxc3 13. bxc3 Ne4 14. Qf3 Qa5 15. Bd3 Nd6 16. Qg3 Nf5 17. Qh3 e4 18. Bf1 Rb8 19. g4 Ne7 20. Qg3 Ba6 21. Bf4 Rb2 22. Bc7 Qa4 23. Bxa6 Qxa6 24. Bd6 h6 25. Bxe7 Rxe7 26. Rxd5 e3 27. fxe3 Qe2 28. Rf1 Rxc2 29. Rd8+ Kh7 30. Rd4 Rxa2 31. Rf2 Rxe3 32. Rxe2 Rxg3+ 33. hxg3 Rxe2 34. Ra4 Re3 35. Kf2 Rxc3 36. Rxa7 Kg6 37. Rb7 Rc5 38. Kg2 Rd5 39. Kh3 Re5 40. Kg2 Re3 41. Rb5 Kf6 42. Rf5+ Kg6 43. Kh3 Re2 1/2-1/2

[Event "SC-2015-0-00262"]
[Site "LSS email"]
[Date "2015.06.14"]
[Round "?"]
[White "Demidov, Lazar"]
[Black "Vysotskiy, Evgeniy"]
[Result "0-1"]
[WhiteElo "1867"]
[BlackElo "1892"]
[PlyCount "90"]
[EventDate "2015.04.03"]
[EventType "tourn (corr)"]
[EventRounds "6"]
[EventCountry "GER"]
[SourceTitle "Corr 2022"]
[Source "ChessBase"]
[SourceDate "2021.10.24"]
[SourceVersion "1"]
[SourceVersionDate "2021.10.24"]
[SourceQuality "1"]

1. f4 g6 2. c4 Nf6 3. Nc3 d5 4. cxd5 Nxd5 5. g3 Bg7 6. Bg2 c6 7. Nf3 0-0 8. 0-0 Nd7 9. d4 N7f6 10. Re1 Bf5 11. Ne5 Ng4 12. e4 Nxe5 13. exf5 Nc4 14. fxg6 hxg6 15. Qd3 Ndb6 16. Rd1 Qd7 17. d5 cxd5 18. Nxd5 Rad8 19. Rb1 Qb5 20. Be3 Nxd5 21. Bxd5 Rxd5 22. Qxd5 Qxd5 23. Rxd5 Nxe3 24. Rd7 Nf5 25. Kg2 Rc8 26. Kh3 Nd6 27. Rxe7 Rc2 28. Rd7 Ne4 29. g4 Rf2 30. Re1 Rxf4 31. Rxb7 Be5 32. Re2 Ng5+ 33. Kh4 Nf3+ 34. Kg3 Rf6+ 35. Rxe5 Nxe5 36. Rxa7 Rf3+ 37. Kg2 Rd3 38. b4 Nxg4 39. a4 Rd4 40. b5 Rb4 41. h4 Ne3+ 42. Kh3 Kf8 43. Kg3 Nd5 44. Ra8+ Kg7 45. Ra6 Nc3 0-1

[Event "SC-2015-0-00257"]
[Site "LSS email"]
[Date "2015.03.21"]
[Round "?"]
[White "Demidov, Lazar"]
[Black "Krug, Evgeny"]
[Result "0-1"]
[WhiteElo "1846"]
[BlackElo "1767"]
[PlyCount "102"]
[EventDate "2015.01.27"]
[EventType "tourn (corr)"]
[EventRounds "6"]
[EventCountry "GER"]
[SourceTitle "Corr 2022"]
[Source "ChessBase"]
[SourceDate "2021.10.24"]
[SourceVersion "1"]
[SourceVersionDate "2021.10.24"]
[SourceQuality "1"]

1. e4 e5 2. Nf3 Nc6 3. Nc3 Nf6 4. Bc4 Bc5 5. d3 0-0 6. 0-0 h6 7. a4 d6 8. Nd5 Nxd5 9. exd5 Ne7 10. c3 a5 11. h3 Nf5 12. d4 exd4 13. cxd4 Bb6 14. b3 Qf6 15. Bb2 Ne7 16. Nd2 Bd7 17. Re1 Rae8 18. Ne4 Qg6 19. Qd3 Nf5 20. Re2 Nh4 21. Qg3 Qxg3 22. fxg3 Nf5 23. Rd1 Re7 24. Kf2 Rfe8 25. Kf3 Kf8 26. Bc3 h5 27. Ree1 c6 28. Rd3 Ba7 29. dxc6 bxc6 30. d5 f6 31. Rdd1 Nh6 32. dxc6 Bxc6 33. Bd5 Bxd5 34. Rxd5 f5 35. Nxd6 Rxe1 36. Bxe1 Re3+ 37. Kf4 Rxe1 38. Nc4 Re2 39. Nxa5 Rf2+ 40. Ke5 Bb8+ 41. Ke6 Ke8 42. Rb5 Bxg3 43. Nb7 Rxg2 44. a5 Re2+ 45. Kd5 Nf7 46. Kd4 f4 47. a6 Bf2+ 48. Kc3 Ra2 49. Rxh5 g5 50. Kd3 Kf8 51. b4 Kg7 0-1

[Event "SC-2015-0-00257"]
[Site "LSS email"]
[Date "2015.03.18"]
[Round "?"]
[White "Demidov, Lazar"]
[Black "Owens, Johnny"]
[Result "1-0"]
[WhiteElo "1846"]
[BlackElo "1778"]
[PlyCount "51"]
[EventDate "2015.01.27"]
[EventType "tourn (corr)"]
[EventRounds "6"]
[EventCountry "GER"]
[SourceTitle "Corr 2022"]
[Source "ChessBase"]
[SourceDate "2021.10.24"]
[SourceVersion "1"]
[SourceVersionDate "2021.10.24"]
[SourceQuality "1"]

1. e4 e6 2. d4 d5 3. Nc3 dxe4 4. Nxe4 Nd7 5. Be2 Ngf6 6. Nxf6+ Nxf6 7. Nf3 Bd6 8. c4 0-0 9. c5 Be7 10. 0-0 a5 11. Ne5 b6 12. Bg5 Nd5 13. Bxe7 Qxe7 14. Bf3 bxc5 15. Re1 cxd4 16. Bxd5 exd5 17. Ng6 Qxe1+ 18. Qxe1 hxg6 19. Qe5 d3 20. Rd1 Bf5 21. f3 c5 22. Qxd5 Rac8 23. Qc4 Rfd8 24. a3 a4 25. Qxa4 Be6 26. Rd2 1-0

[Event "SC-2015-0-00252"]
[Site "LSS email"]
[Date "2015.01.22"]
[Round "?"]
[White "Demidov, Lazar"]
[Black "Posada, Charlie"]
[Result "0-1"]
[WhiteElo "1830"]
[BlackElo "1801"]
[PlyCount "120"]
[EventDate "2014.12.27"]
[EventType "tourn (corr)"]
[EventRounds "6"]
[EventCountry "GER"]
[SourceTitle "Corr 2022"]
[Source "ChessBase"]
[SourceDate "2021.10.24"]
[SourceVersion "1"]
[SourceVersionDate "2021.10.24"]
[SourceQuality "1"]

1. e4 Nc6 2. d4 d5 3. e5 Bf5 4. Nf3 e6 5. Be2 Nb4 6. Na3 Nc6 7. 0-0 Bxa3 8. bxa3 a6 9. Qd2 h6 10. Rb1 b6 11. Bb2 Nge7 12. Nh4 Bh7 13. Bc3 0-0 14. g3 Nb8 15. Rb4 c5 16. Rb2 Qc7 17. a4 Nd7 18. f4 Qc6 19. a5 b5 20. a3 Qc7 21. Bd3 Rac8 22. Bxh7+ Kxh7 23. Kg2 Rfe8 24. Rc1 Kg8 25. Nf3 Nf5 26. Ra1 cxd4 27. Bxd4 Nxd4 28. Nxd4 Nc5 29. Qe1 Qd7 30. Kh1 Rc7 31. Kg2 Rec8 32. Rd1 Ne4 33. Kg1 Rc3 34. Rd3 Qc7 35. Rb3 Rxc2 36. Nxc2 Qxc2 37. g4 Qa2 38. Rb4 Rc2 39. Rxe4 dxe4 40. Rd8+ Kh7 41. Qxe4+ g6 42. Rd1 Rxh2 43. Qf3 Rh4 44. Qg3 Qe2 45. Qxh4 Qxd1+ 46. Kg2 Qe2+ 47. Kg1 Qf3 48. Qf2 Qxf2+ 49. Kxf2 h5 50. Kf3 Kg7 51. Kg3 f6 52. g5 fxg5 53. fxg5 Kf7 54. Kh4 Ke7 55. Kg3 Kd7 56. Kf2 Kc6 57. Ke2 Kd5 58. Kd3 Kxe5 59. Ke3 Kf5 60. Kd4 h4 0-1

[Event "WC-2015-P-00010"]
[Site "LSS email"]
[Date "2015.01.19"]
[Round "?"]
[White "Demidov, Lazar"]
[Black "Shchebenyuk, Nina"]
[Result "1/2-1/2"]
[WhiteElo "1846"]
[BlackElo "2062"]
[PlyCount "52"]
[EventDate "2015.01.25"]
[EventType "tourn (corr)"]
[EventRounds "12"]
[EventCountry "GER"]
[SourceTitle "Corr 2022"]
[Source "ChessBase"]
[SourceDate "2021.10.24"]
[SourceVersion "1"]
[SourceVersionDate "2021.10.24"]
[SourceQuality "1"]

1. e4 c5 2. Nf3 d6 3. d4 cxd4 4. Nxd4 Nf6 5. Nc3 a6 6. Bc4 e6 7. a4 Be7 8. Be3 0-0 9. 0-0 Qc7 10. Qe2 Nc6 11. Nxc6 bxc6 12. a5 c5 13. Rfd1 Rd8 14. Bf4 Bb7 15. Rd3 g6 16. Rh3 Bc6 17. b3 Qb7 18. Re1 Rd7 19. Bd3 Bd8 20. Bg5 d5 21. exd5 Nxd5 22. Nxd5 Bxd5 23. Bxd8 Raxd8 24. Qg4 Qc7 25. Qh4 h5 26. Rg3 Qxa5 1/2-1/2

[Event "WC-2015-P-00010"]
[Site "LSS email"]
[Date "2015.01.19"]
[Round "?"]
[White "Reede, Arvo"]
[Black "Demidov, Lazar"]
[Result "1/2-1/2"]
[WhiteElo "1786"]
[BlackElo "1846"]
[PlyCount "114"]
[EventDate "2015.01.25"]
[EventType "tourn (corr)"]
[EventRounds "12"]
[EventCountry "GER"]
[SourceTitle "Corr 2022"]
[Source "ChessBase"]
[SourceDate "2021.10.24"]
[SourceVersion "1"]
[SourceVersionDate "2021.10.24"]
[SourceQuality "1"]

1. d4 d5 2. c4 e6 3. Nc3 Nf6 4. Nf3 Be7 5. Bg5 0-0 6. e3 h6 7. Bh4 b6 8. Be2 dxc4 9. Bxc4 Bb7 10. 0-0 a6 11. Qe2 Nbd7 12. Rfd1 b5 13. Bd3 Qe8 14. Rac1 c5 15. Bxf6 Bxf6 16. Be4 Qb8 17. Bxb7 Qxb7 18. dxc5 Nxc5 19. Nd5 exd5 20. Rxc5 Rfd8 21. b3 Rac8 22. Rxc8 Rxc8 23. g3 Rc5 24. Nd4 g6 25. h4 Qe7 26. h5 Qe4 27. hxg6 fxg6 28. f3 Qe8 29. Qd3 Kf7 30. Rd2 b4 31. Ne2 Bc3 32. Rd1 Qb5 33. Qxb5 Rxb5 34. a4 bxa3 35. Nxc3 Rxb3 36. Rc1 h5 37. f4 g5 38. fxg5 Kg6 39. Kf1 Kxg5 40. Ke2 Kg4 41. Nxd5 Rb2+ 42. Kd3 Kxg3 43. Rg1+ Kf3 44. Rf1+ Kg3 45. Ra1 a2 46. Kc3 Re2 47. e4 Rxe4 48. Nf6 Re5 49. Rxa2 h4 50. Kd4 Rf5 51. Ne4+ Kg4 52. Rxa6 Kf3 53. Nd2+ Kf4 54. Rh6 Kg4 55. Ke3 Ra5 56. Rg6+ Kf5 57. Rd6 Ra3+ 1/2-1/2